Marcos Ramírez: defendamos el derecho a vivir y a producir en paz /
Entrevista a Marcos Ramírez, dirigente campesino de la Asociación de Agricultores del Pacífico Seco (A.S.P.A.S.), quien estuvo detenido durante 12 días, por oganizar manifestaciones campesinas mediante las cuales se pedía al Gobierno una solución concreta al problema del agro. SM/EL
Uloženo v:
| Hlavní autor: | |
|---|---|
| Médium: | Text |
| Témata: | |
| Tagy: |
Přidat tag
Žádné tagy, Buďte první, kdo vytvoří štítek k tomuto záznamu!
|
MARC
| LEADER | 00000 a a2200000 04500 | ||
|---|---|---|---|
| 001 | 1351 | ||
| 003 | |||
| 040 | |||
| 100 | |a Vargas Mora, William | ||
| 245 | |a Marcos Ramírez: defendamos el derecho a vivir y a producir en paz / |c William Vargas Mora | ||
| 520 | |a Entrevista a Marcos Ramírez, dirigente campesino de la Asociación de Agricultores del Pacífico Seco (A.S.P.A.S.), quien estuvo detenido durante 12 días, por oganizar manifestaciones campesinas mediante las cuales se pedía al Gobierno una solución concreta al problema del agro. SM/EL | ||
| 650 | |a ORGANIZACIONES CAMPESINAS | ||
| 650 | |a COMUNIDADES RURALES | ||
| 650 | |a PRODUCCION AGROPECUARIA | ||
| 650 | |a CREDITO | ||
| 650 | |a GOBIERNO | ||
| 773 | |g número 47; páginas 9-10 | ||
| 999 | |c 36597 |d 36597 | ||
